000 00416nam a22001217a 4500
082 _aTHE 200
100 _aJAWAIRIA RASHEED
_972807
245 _aTH-SOF-0764-HIDDEN PATTERN IDENTIFICATION USING SPATIAL CLUSTERING IN CENTRALIZED HEALTH CARE ARCHITECTURE FOR ARRHYTHMIA DETECTION
260 _aNUST COLLEGE OF EME
_bISLAMABAD
_c2001
650 _a MS-CSE-9 MSTHESIS
700 _aDR SHOAB A KHAN
_918474
942 _cCF
999 _c578786
_d578786